00560nam a22001817a 450000500170000001000150001702000260003203500130005803700130007108200150008410000220009924500550012126000300017627000670020630000310027350000500030465000240035420130902150832.0 aENG-108395 c425.00a9788120347526 aEN-91928 bDBAD/PUB a330.091732 aBrueckner, Jan K.00aLectures on urban economics /cby Jan K. Brueckner aDelhibPHI Learningc2013 aRimjhim house,111, Patparganj Industrial EstatebDelhie110092 ax,285p. :c23cm(pbk)bill. aincludes bibliographical references and index a Urban economics.